| 000 | 00751nam a2200205Ia 4500 | ||
|---|---|---|---|
| 003 | GCL | ||
| 008 | 140319s9999 xx 000 0 ara d | ||
| 040 |
_aGCL / _cGCL |
||
| 082 | 0 | 4 |
_a227 _bع ق |
| 100 | 1 | _aمحمد السليمانى | |
| 245 | 1 | 0 |
_aقانون التاويل / _cمحمد السليمانى |
| 700 | 1 | _aابن العربى : محيى الدين ابو بكر محمد بن على بن محمد بن احمد بن عبدالله الحاتمى الطائى الاندلسى | |
| 250 | _aالثانية | ||
| 260 |
_aبيروت : _bدار الغرب الاسلامى ، _c1990 |
||
| 300 |
_a459 ص ؛ _c24 سم |
||
| 490 | _a | ||
| 650 | 0 | 4 | _aالقران - علوم |
| 650 | 0 | 4 | _aالقران - تفاسير |
| 942 |
_2ddc _cBK |
||
| 999 |
_c47253 _d47253 |
||